[Event "Budapest FS02 FM-B"]
[Site "Budapest"]
[Date "2014.02.09"]
[Round "9"]
[White "Czimer, Jozsef"]
[Black "Shan, He Jia Rita"]
[Result "0-1"]
[WhiteElo "1715"]
[BlackElo "1764"]
[PlyCount "84"]
[EventDate "2014.02.01"]
[EventType "tourn"]
[EventRounds "11"]
[EventCountry "HUN"]
[SourceTitle "CBM 158 Extra"]
[Source "ChessBase"]
[SourceDate "2014.02.28"]
[SourceVersion "1"]
[SourceVersionDate "2014.02.28"]
[SourceQuality "1"]

1. e4 c5 2. Nc3 Nc6 3. f4 e6 4. Nf3 d5 5. d3 Nge7 6. g3 b6 7. Bg2 Bb7 8. 0-0 Ng6 9. exd5 exd5 10. Re1+ Nge7 11. f5 Qd7 12. Bf4 0-0-0 13. Nb5 Nxf5 14. Bh3 g6 15. c3 a6 16. Nbd4 cxd4 17. cxd4 Bd6 18. Ne5 Nxe5 19. dxe5 Bc5+ 20. d4 Bxd4+ 21. Be3 Bxe3+ 22. Rxe3 Kb8 23. Re2 Rhe8 24. g4 Ng7 25. Qf1 g5 26. Qf6 Ne6 27. Rf1 Nf4 28. Rxf4 gxf4 29. Qxf4 Ka7 30. Qh6 Qb5 31. Kf2 Qc5+ 32. Kg3 Qc4 33. Bf1 Qd3+ 34. Qe3 Qxe3+ 35. Rxe3 f6 36. e6 Bc8 37. Bd3 h6 38. Bf5 Rd6 39. e7 Bxf5 40. gxf5 Rd7 41. Re6 Rexe7 42. Rxf6 Rf7 0-1

[Event "Budapest FS02 FM-B"]
[Site "Budapest"]
[Date "2014.02.08"]
[Round "8"]
[White "Shan, He Jia Rita"]
[Black "Csiba, Tibor"]
[Result "1-0"]
[WhiteElo "1764"]
[BlackElo "1554"]
[PlyCount "103"]
[EventDate "2014.02.01"]
[EventType "tourn"]
[EventRounds "11"]
[EventCountry "HUN"]
[SourceTitle "CBM 158 Extra"]
[Source "ChessBase"]
[SourceDate "2014.02.28"]
[SourceVersion "1"]
[SourceVersionDate "2014.02.28"]
[SourceQuality "1"]

1. d4 d6 2. Nf3 Bg4 3. Bf4 Nd7 4. Nbd2 Ngf6 5. h3 Bxf3 6. Nxf3 g6 7. e3 Bg7 8. c3 0-0 9. Bd3 c6 10. 0-0 Re8 11. Bh2 e5 12. dxe5 dxe5 13. Bc4 b5 14. Bb3 c5 15. Qe2 c4 16. Bc2 e4 17. Nd4 a6 18. a4 Nd5 19. axb5 Bxd4 20. exd4 axb5 21. Bxe4 Rxa1 22. Rxa1 N5b6 23. Qc2 Qe7 24. f3 f5 25. Bc6 b4 26. cxb4 Qxb4 27. Bg3 Re7 28. Ra7 Nf6 29. Rxe7 Qxe7 30. Bh4 Qe3+ 31. Qf2 Qc1+ 32. Kh2 Nfd5 33. Qe1 Qxe1 34. Bxe1 Nf6 35. Ba5 Nbd5 36. Bd8 Kf7 37. Bxf6 Nxf6 38. Bb5 Ke7 39. Bxc4 Kd6 40. Kg3 g5 41. Kf2 f4 42. Ke2 Nh5 43. Kd3 Nf6 44. Kc3 Kc6 45. Kb4 Kb6 46. Ba2 h5 47. Be6 h4 48. d5 Ne8 49. Kc4 Kc7 50. Kd4 Kd6 51. Ke4 Ng7 52. b4 1-0

[Event "Budapest FS02 FM-B"]
[Site "Budapest"]
[Date "2014.02.03"]
[Round "3"]
[White "Leite, Steinar"]
[Black "Shan, He Jia Rita"]
[Result "1/2-1/2"]
[WhiteElo "1734"]
[BlackElo "1764"]
[PlyCount "93"]
[EventDate "2014.02.01"]
[EventType "tourn"]
[EventRounds "11"]
[EventCountry "HUN"]
[SourceTitle "CBM 158 Extra"]
[Source "ChessBase"]
[SourceDate "2014.02.28"]
[SourceVersion "1"]
[SourceVersionDate "2014.02.28"]
[SourceQuality "1"]

1. e4 c5 2. Nf3 Nc6 3. Bb5 Qc7 4. 0-0 a6 5. Be2 e5 6. Re1 Nge7 7. c3 Ng6 8. d4 d6 9. a4 f6 10. Na3 Bd7 11. Nc4 Be7 12. a5 Rb8 13. Nb6 cxd4 14. cxd4 Bd8 15. Be3 exd4 16. Nxd4 Nxd4 17. Bxd4 Bc6 18. Rc1 0-0 19. Bc4+ Kh8 20. Be6 Qe7 21. Bd5 Bxb6 22. Bxb6 Rbc8 23. Qd2 Ne5 24. Red1 Bxd5 25. Qxd5 Nf7 26. Rc3 Rxc3 27. bxc3 Rc8 28. Bd4 Ne5 29. Rb1 Nc6 30. Qf5 Re8 31. f3 h6 32. Qh5 Rc8 33. Qd5 Rd8 34. h3 Rd7 35. Qf5 Rd8 36. g4 Re8 37. Qh5 Rc8 38. Qf5 Re8 39. Qh5 Rc8 40. h4 Ne5 41. g5 fxg5 42. hxg5 Qxg5+ 43. Qxg5 Nxf3+ 44. Kg2 Nxg5 45. Rxb7 Nxe4 46. Bxg7+ Kg8 47. Bxh6 1/2-1/2

[Event "HUN-chT2 Erkel 1213"]
[Site "Hungary"]
[Date "2013.04.07"]
[Round "10.11"]
[White "Shan, He Jia Rita"]
[Black "Foldi, Martin"]
[Result "1/2-1/2"]
[WhiteElo "1708"]
[BlackElo "1790"]
[PlyCount "82"]
[EventDate "2012.09.16"]
[EventType "team-tourn"]
[EventRounds "11"]
[EventCountry "HUN"]
[SourceTitle "EXT 2014"]
[Source "ChessBase"]
[SourceDate "2013.11.20"]
[SourceVersion "1"]
[SourceVersionDate "2013.11.20"]
[SourceQuality "1"]
[WhiteTeam "Szigetszentmiklos"]
[BlackTeam "Matra"]
[WhiteTeamCountry "HUN"]
[BlackTeamCountry "HUN"]

1. Nf3 Nf6 2. b3 d5 3. Bb2 e6 4. g3 b6 5. Bg2 Bb7 6. 0-0 Be7 7. d3 0-0 8. Nbd2 c5 9. e3 Nbd7 10. c4 Qc7 11. d4 Ne4 12. Nxe4 dxe4 13. Nd2 f5 14. f3 cxd4 15. Bxd4 e5 16. Bb2 Bc5 17. Re1 f4 18. gxf4 exf4 19. Nxe4 Bxe4 20. fxe4 Bxe3+ 21. Kh1 Rad8 22. Qg4 Nf6 23. Bxf6 Rxf6 24. Rad1 Rfd6 25. Rd5 Rxd5 26. exd5 Re8 27. Qh5 Re5 28. Qf3 Qd6 29. Bh3 Qb4 30. Rd1 Qd6 31. Qg4 Re8 32. Qd7 Qxd7 33. Bxd7 Rd8 34. Be6+ Kf8 35. Kg2 Ke7 36. Kf3 Kd6 37. h3 Rf8 38. Re1 Rf6 39. Re2 g5 40. Rg2 h6 41. Rg4 Ke5 1/2-1/2

[Event "Budapest-chT1 Lilienthal 1213"]
[Site "Budapest"]
[Date "2013.03.10"]
[Round "9"]
[White "Shan, He Jia Rita"]
[Black "Katona, Gabor Zsolt"]
[Result "1/2-1/2"]
[WhiteElo "1708"]
[BlackElo "1877"]
[PlyCount "51"]
[EventDate "2012.09.30"]
[EventType "team-tourn"]
[EventRounds "11"]
[EventCountry "HUN"]
[SourceTitle "EXT 2019"]
[Source "ChessBase"]
[SourceDate "2018.10.10"]
[SourceVersion "1"]
[SourceVersionDate "2018.10.10"]
[SourceQuality "1"]
[WhiteTeam "Budapest RAC"]
[BlackTeam "Taban Spartacus II"]
[WhiteTeamCountry "HUN"]
[BlackTeamCountry "HUN"]

1. Nf3 d5 2. b3 Nf6 3. Bb2 e6 4. g3 c5 5. Bg2 Nc6 6. d4 Bd6 7. 0-0 0-0 8. Re1 Re8 9. Nbd2 e5 10. dxe5 Nxe5 11. Nxe5 Bxe5 12. Bxe5 Rxe5 13. Nc4 Re8 14. Ne3 Be6 15. c3 Qd7 16. Qc2 Rad8 17. Rad1 Qc8 18. Qd2 b6 19. Bh1 h6 20. Ng2 Ne4 21. Qc1 Qc7 22. Nf4 Qe5 23. Bxe4 Qxe4 24. Nxe6 Rxe6 25. e3 Rde8 26. Qd2 1/2-1/2

[Event "HUN-chT2 Erkel 1213"]
[Site "Hungary"]
[Date "2013.01.27"]
[Round "6.11"]
[White "Shan, He Jia Rita"]
[Black "Pap, Kristof"]
[Result "1-0"]
[WhiteElo "1708"]
[BlackElo "1350"]
[PlyCount "127"]
[EventDate "2012.09.16"]
[EventType "team-tourn"]
[EventRounds "11"]
[EventCountry "HUN"]
[SourceTitle "EXT 2014"]
[Source "ChessBase"]
[SourceDate "2013.11.20"]
[SourceVersion "1"]
[SourceVersionDate "2013.11.20"]
[SourceQuality "1"]
[WhiteTeam "Szigetszentmiklos"]
[BlackTeam "Mezokovesd"]
[WhiteTeamCountry "HUN"]
[BlackTeamCountry "HUN"]

1. Nf3 c5 2. b3 Nc6 3. Bb2 e6 4. g3 Nf6 5. Bg2 Be7 6. 0-0 0-0 7. d4 cxd4 8. Nxd4 d5 9. Nd2 Bd7 10. c4 Nxd4 11. Bxd4 Bc6 12. e3 Qd7 13. Qc2 dxc4 14. Nxc4 Bxg2 15. Kxg2 Rfc8 16. Qb2 b5 17. Ne5 Qb7+ 18. Kg1 Bc5 19. Rac1 Bxd4 20. Rxc8+ Rxc8 21. Qxd4 Qd5 22. Rd1 Rd8 23. Nc6 Qxd4 24. Rxd4 Ra8 25. Nxa7 Kf8 26. Nxb5 Rxa2 27. Ra4 Rb2 28. Ra8+ Ke7 29. Ra7+ Ke8 30. Nd6+ Kf8 31. Rxf7+ Kg8 32. Rb7 h6 33. Rb8+ Kh7 34. h3 Rd2 35. Nc4 Rc2 36. Nd6 Rd2 37. Rb6 Nd5 38. Rc6 Rb2 39. Nc4 Rxb3 40. Rxe6 Rc3 41. Rd6 Rxc4 42. Rxd5 Re4 43. Rd4 Re7 44. e4 Kg8 45. Kg2 Kf7 46. f4 Rc7 47. Rd3 Rc2+ 48. Kf3 Ke6 49. e5 Rb2 50. Kg4 Rh2 51. Rd6+ Ke7 52. Ra6 Kf7 53. Ra7+ Kf8 54. e6 Re2 55. e7+ Rxe7 56. Rxe7 Kxe7 57. Kf5 Kf7 58. h4 g6+ 59. Ke5 h5 60. f5 Kg7 61. fxg6 Kxg6 62. Ke6 Kh6 63. Kf5 Kg7 64. Kg5 1-0

[Event "HUN-chT2 Erkel 1213"]
[Site "Hungary"]
[Date "2012.11.18"]
[Round "4.12"]
[White "Shan, He Jia Rita"]
[Black "Huszar, Mark"]
[Result "1/2-1/2"]
[WhiteElo "1708"]
[BlackElo "1573"]
[PlyCount "73"]
[EventDate "2012.09.16"]
[EventType "team-tourn"]
[EventRounds "11"]
[EventCountry "HUN"]
[SourceTitle "EXT 2014"]
[Source "ChessBase"]
[SourceDate "2013.11.20"]
[SourceVersion "1"]
[SourceVersionDate "2013.11.20"]
[SourceQuality "1"]
[WhiteTeam "Szigetszentmiklos"]
[BlackTeam "Paszto"]
[WhiteTeamCountry "HUN"]
[BlackTeamCountry "HUN"]

1. Nf3 Nf6 2. b3 d5 3. Bb2 Bg4 4. g3 c5 5. Bg2 Nc6 6. 0-0 e6 7. d4 Rc8 8. Nbd2 Qc7 9. Rc1 b6 10. h3 Bf5 11. c3 Bd6 12. Nh4 Bg6 13. Nxg6 hxg6 14. Qc2 g5 15. e4 dxe4 16. Nxe4 Nxe4 17. Qxe4 0-0 18. d5 exd5 19. Qxd5 Be7 20. Rfe1 Bf6 21. Rcd1 Rfd8 22. Qxc6 Rxd1 23. Rxd1 Qxc6 24. Bxc6 Rxc6 25. Rd2 c4 26. Kf1 Rc7 27. Rc2 cxb3 28. axb3 b5 29. Ke2 Kf8 30. Ba3+ Be7 31. Bxe7+ Kxe7 32. Kd3 Rd7+ 33. Ke3 Ke6 34. Ke4 f5+ 35. Ke3 Ke5 36. f4+ gxf4+ 37. gxf4+ 1/2-1/2

[Event "Budapest-chT1 Lilienthal 1213"]
[Site "Budapest"]
[Date "2012.10.14"]
[Round "2"]
[White "Szell, Balint"]
[Black "Shan, He Jia Rita"]
[Result "0-1"]
[WhiteElo "1318"]
[BlackElo "1708"]
[PlyCount "46"]
[EventDate "2012.09.30"]
[EventType "team-tourn"]
[EventRounds "11"]
[EventCountry "HUN"]
[SourceTitle "EXT 2019"]
[Source "ChessBase"]
[SourceDate "2018.10.10"]
[SourceVersion "1"]
[SourceVersionDate "2018.10.10"]
[SourceQuality "1"]
[WhiteTeam "Budapest Ujpest KSE"]
[BlackTeam "Budapest RAC"]
[WhiteTeamCountry "HUN"]
[BlackTeamCountry "HUN"]

1. e4 e6 2. Nf3 d5 3. exd5 exd5 4. d4 Nc6 5. Be2 Bd6 6. Nc3 Nge7 7. 0-0 Bg4 8. h3 Bh5 9. Nb5 a6 10. Nxd6+ Qxd6 11. c3 h6 12. Be3 g5 13. Nd2 Bg6 14. Nb3 b6 15. Bg4 h5 16. Be2 g4 17. h4 Nf5 18. Bg5 f6 19. c4 fxg5 20. c5 Qf4 21. Re1 0-0 22. g3 Nxg3 23. fxg3 Qxg3+ 0-1

[Event "Budapest op 08"]
[Site "Budapest"]
[Date "2012.08.22"]
[Round "5"]
[White "Zsatkovics, Endre"]
[Black "Shan, He Jia Rita"]
[Result "0-1"]
[WhiteElo "1740"]
[BlackElo "1859"]
[PlyCount "30"]
[EventDate "2012.08.18"]
[EventType "swiss"]
[EventRounds "9"]
[EventCountry "HUN"]
[SourceTitle "EXT 2014"]
[Source "ChessBase"]
[SourceDate "2013.11.20"]
[SourceVersion "1"]
[SourceVersionDate "2013.11.20"]
[SourceQuality "1"]

1. e4 e6 2. d4 d5 3. Nc3 Nf6 4. Bg5 Be7 5. e5 Nfd7 6. Bxe7 Qxe7 7. f4 f6 8. Nf3 fxe5 9. fxe5 a6 10. Qd2 c5 11. Bd3 cxd4 12. Ne2 Nc6 13. Ng5 Ndxe5 14. Nxh7 Nxd3+ 15. Qxd3 Qh4+ 0-1

[Event "Budapest op 08"]
[Site "Budapest"]
[Date "2012.08.20"]
[Round "3"]
[White "Toth Katona, Tamas"]
[Black "Shan, He Jia Rita"]
[Result "0-1"]
[WhiteElo "1859"]
[BlackElo "1859"]
[PlyCount "86"]
[EventDate "2012.08.18"]
[EventType "swiss"]
[EventRounds "9"]
[EventCountry "HUN"]
[SourceTitle "EXT 2014"]
[Source "ChessBase"]
[SourceDate "2013.11.20"]
[SourceVersion "1"]
[SourceVersionDate "2013.11.20"]
[SourceQuality "1"]

1. e4 e6 2. d4 d5 3. Nd2 Nc6 4. Ngf3 Nf6 5. e5 Nd7 6. b3 f6 7. Bb2 Bb4 8. Bd3 0-0 9. 0-0 fxe5 10. dxe5 b6 11. a3 Be7 12. Re1 Nc5 13. Bb5 Bd7 14. b4 Nb7 15. Bd3 a6 16. Nb3 Be8 17. Nbd4 Qd7 18. Nb3 Bh5 19. Be2 b5 20. Qd2 Ncd8 21. Bd4 Rc8 22. Qe3 Nc6 23. c3 Nxd4 24. cxd4 Bxf3 25. Bxf3 Bh4 26. Rec1 Rf5 27. Qe2 Rcf8 28. Rc3 Rc8 29. Rac1 Bg5 30. R1c2 c6 31. Qd1 Rff8 32. Qa1 Rc7 33. Qd1 Ra8 34. Be2 Rcc8 35. Bd3 Bh6 36. Qe1 a5 37. bxa5 Nxa5 38. Nxa5 Rxa5 39. Rxc6 Rxc6 40. Rxc6 Rxa3 41. Rc5 Rxd3 42. Qb1 Rxd4 43. Rxb5 Qxb5 0-1

[Event "Liptovsky Mikulas CupT U20"]
[Site "Liptovsky Mikulas"]
[Date "2012.06.26"]
[Round "8.3"]
[White "Shan, He Jia Rita"]
[Black "Ocko, Martin"]
[Result "0-1"]
[WhiteElo "1567"]
[BlackElo "1675"]
[PlyCount "60"]
[EventDate "2012.06.22"]
[EventType "team-swiss"]
[EventRounds "9"]
[EventCountry "SVK"]
[SourceTitle "CBM 149 Extra"]
[Source "ChessBase"]
[SourceDate "2012.08.24"]
[SourceVersion "1"]
[SourceVersionDate "2012.08.24"]
[SourceQuality "1"]
[WhiteTeam "V4 International"]
[BlackTeam "Osuske II"]
[WhiteTeamCountry "SVK"]
[BlackTeamCountry "SVK"]

1. Nf3 g6 2. g3 Bg7 3. Bg2 Nf6 4. 0-0 0-0 5. d4 d6 6. b3 Nbd7 7. Bb2 c6 8. c4 Qc7 9. Nc3 a6 10. Rc1 e5 11. e3 Ne8 12. dxe5 Nxe5 13. Nxe5 dxe5 14. Ne4 f5 15. Nc5 Kh8 16. Qc2 Nf6 17. Rcd1 f4 18. exf4 exf4 19. Rd2 Bf5 20. Qd1 Rad8 21. Re1 fxg3 22. hxg3 Bg4 23. Qc2 Rxd2 24. Qxd2 Rd8 25. Qe3 Qf7 26. Qe7 Qxe7 27. Rxe7 Rd1+ 28. Kh2 Bf5 29. Ne4 Ng4+ 30. Kh3 Bxb2 0-1

[Event "Liptovsky Mikulas CupT U20"]
[Site "Liptovsky Mikulas"]
[Date "2012.06.23"]
[Round "2.3"]
[White "Kanakova, Natalie"]
[Black "Shan, He Jia Rita"]
[Result "1/2-1/2"]
[WhiteElo "1612"]
[BlackElo "1567"]
[PlyCount "76"]
[EventDate "2012.06.22"]
[EventType "team-swiss"]
[EventRounds "9"]
[EventCountry "SVK"]
[SourceTitle "CBM 149 Extra"]
[Source "ChessBase"]
[SourceDate "2012.08.24"]
[SourceVersion "1"]
[SourceVersionDate "2012.08.24"]
[SourceQuality "1"]
[WhiteTeam "Beskydy Chess School"]
[BlackTeam "V4 International"]
[WhiteTeamCountry "CZE"]
[BlackTeamCountry "SVK"]

1. e4 e6 2. d4 d5 3. Nc3 Bb4 4. e5 c5 5. a3 Bxc3+ 6. bxc3 Qa5 7. Bd2 Qa4 8. Nf3 Nc6 9. Be3 c4 10. Be2 Bd7 11. 0-0 Nge7 12. Qd2 0-0-0 13. Rfb1 f5 14. Bg5 h6 15. Bxe7 Nxe7 16. Rb4 Qa5 17. Rab1 b6 18. h4 Nc6 19. Rb5 Qxa3 20. Qe1 Qe7 21. Qc1 Rdg8 22. Qb2 Be8 23. Ra1 g5 24. Qa2 Qb7 25. Rb2 gxh4 26. Nxh4 h5 27. Qa3 Rg7 28. Bf3 Qe7 29. Qxe7 Rxe7 30. g3 Rb7 31. Rab1 Ne7 32. Kh2 Ng6 33. Nxg6 Bxg6 34. Kh3 Kc7 35. Kh4 Bf7 36. Kg5 Kc6 37. Rb4 b5 38. Ra1 Kb6 1/2-1/2

[Event "Budapest FS12 FM-B"]
[Site "Budapest"]
[Date "2011.12.13"]
[Round "11"]
[White "Shan, He Jia Rita"]
[Black "Jones, Peter"]
[Result "1-0"]
[WhiteElo "1567"]
[BlackElo "1377"]
[PlyCount "56"]
[EventDate "2011.12.03"]
[EventType "tourn"]
[EventRounds "11"]
[EventCountry "HUN"]
[SourceTitle "CBM 145 Extra"]
[Source "ChessBase"]
[SourceDate "2012.01.03"]
[SourceVersion "1"]
[SourceVersionDate "2012.01.03"]
[SourceQuality "1"]

1. d4 c6 2. Bf4 d5 3. e3 Nf6 4. Nf3 Nbd7 5. h3 a6 6. c4 Qa5+ 7. Nbd2 Ne4 8. Bd3 Nxd2 9. Qxd2 Qxd2+ 10. Nxd2 e6 11. 0-0 h6 12. Rac1 Bb4 13. Nb3 g5 14. Bg3 a5 15. a3 Be7 16. cxd5 exd5 17. Bf5 Nf6 18. Bxc8 Rxc8 19. Nxa5 Ne4 20. Be5 f6 21. Bh2 Bd6 22. Bxd6 Nxd6 23. b4 Rc7 24. a4 Kd7 25. Nb3 g4 26. hxg4 Rg8 27. f3 f5 28. Nc5+ Ke7 1-0

[Event "Budapest FS12 FM-B"]
[Site "Budapest"]
[Date "2011.12.09"]
[Round "7"]
[White "Lukacs, Albert"]
[Black "Shan, He Jia Rita"]
[Result "1-0"]
[WhiteElo "1715"]
[BlackElo "1567"]
[PlyCount "79"]
[EventDate "2011.12.03"]
[EventType "tourn"]
[EventRounds "11"]
[EventCountry "HUN"]
[SourceTitle "CBM 145 Extra"]
[Source "ChessBase"]
[SourceDate "2012.01.03"]
[SourceVersion "1"]
[SourceVersionDate "2012.01.03"]
[SourceQuality "1"]

1. e4 e6 2. d4 d5 3. exd5 exd5 4. Bd3 Nc6 5. Nf3 Nf6 6. 0-0 Bg4 7. c3 Be7 8. Re1 0-0 9. h3 Bh5 10. Bf4 h6 11. Nbd2 Re8 12. Qc2 Bd6 13. Ne5 Bxe5 14. dxe5 Nd7 15. g4 Qh4 16. Bg3 Qxh3 17. gxh5 Qxh5 18. e6 Rxe6 19. Rxe6 fxe6 20. Bg6 Qg4 21. Bh7+ Kh8 22. Qg6 Qxg6 23. Bxg6 Nce5 24. Bc2 Re8 25. Re1 Nc6 26. Bg6 Re7 27. Nf3 e5 28. b4 e4 29. Nh4 Nce5 30. Bh5 Nf6 31. Ng6+ Nxg6 32. Bxg6 Kg8 33. Rd1 c6 34. c4 e3 35. fxe3 Rxe3 36. Bb8 Rc3 37. cxd5 Nxd5 38. Kf2 Ra3 39. Rd2 Re3 40. Rxd5 1-0

[Event "Budapest FS12 FM-B"]
[Site "Budapest"]
[Date "2011.12.06"]
[Round "4"]
[White "Shan, He Jia Rita"]
[Black "Takacs, Kevin"]
[Result "1/2-1/2"]
[WhiteElo "1567"]
[BlackElo "1788"]
[PlyCount "83"]
[EventDate "2011.12.03"]
[EventType "tourn"]
[EventRounds "11"]
[EventCountry "HUN"]
[SourceTitle "CBM 145 Extra"]
[Source "ChessBase"]
[SourceDate "2012.01.03"]
[SourceVersion "1"]
[SourceVersionDate "2012.01.03"]
[SourceQuality "1"]

1. d4 Nf6 2. Bf4 c5 3. e3 e6 4. Nf3 cxd4 5. exd4 Nc6 6. c3 d5 7. Bd3 a6 8. 0-0 Be7 9. Nbd2 0-0 10. Re1 h6 11. h3 b5 12. a3 Bb7 13. Ne5 Nxe5 14. dxe5 Nd7 15. Qg4 g5 16. h4 Kh8 17. hxg5 Bxg5 18. Re3 Bxf4 19. Qxf4 Qg5 20. Qh2 f5 21. f4 Qg7 22. Rg3 Qh7 23. Re1 Rg8 24. Rh3 Rg6 25. Ree3 Rag8 26. Reg3 Nc5 27. Be2 Rxg3 28. Rxg3 Rxg3 29. Qxg3 Qg7 30. Qxg7+ Kxg7 31. b4 Ne4 32. Nxe4 dxe4 33. Kf2 Bd5 34. Ke3 Kg6 35. Kd4 h5 36. c4 bxc4 37. Bxc4 Bxc4 38. Kxc4 Kf7 39. a4 Ke7 40. g3 Kd7 41. Kd4 Kc6 42. Kc4 1/2-1/2

[Event "Budapest FS12 FM-B"]
[Site "Budapest"]
[Date "2011.12.04"]
[Round "2"]
[White "Shan, He Jia Rita"]
[Black "Wanger, Tamas"]
[Result "0-1"]
[WhiteElo "1567"]
[BlackElo "1846"]
[PlyCount "68"]
[EventDate "2011.12.03"]
[EventType "tourn"]
[EventRounds "11"]
[EventCountry "HUN"]
[SourceTitle "CBM 145 Extra"]
[Source "ChessBase"]
[SourceDate "2012.01.03"]
[SourceVersion "1"]
[SourceVersionDate "2012.01.03"]
[SourceQuality "1"]

1. d4 d5 2. Bf4 Nf6 3. e3 Bf5 4. Nf3 e6 5. h3 h6 6. c4 c6 7. Nc3 Be7 8. Be2 0-0 9. 0-0 Re8 10. Qb3 Qb6 11. Qxb6 axb6 12. Ne5 Nbd7 13. a3 Red8 14. Rac1 c5 15. cxd5 exd5 16. Nxd7 Rxd7 17. Bb5 Rdd8 18. Bc7 Rf8 19. Bxb6 c4 20. Bc7 Rfc8 21. Be5 Rd8 22. f3 Bd3 23. Rfe1 Rac8 24. Na4 Ra8 25. Nb6 Ra5 26. a4 Bb4 27. Bc7 Rf8 28. Nd7 Nxd7 29. Bxa5 Bxa5 30. Bxd7 Rd8 31. Bb5 Bxe1 32. Rxe1 Kf8 33. Rc1 Bg6 34. b3 cxb3 0-1

[Event "HUN-chT U18"]
[Site "Miskolc"]
[Date "2010.11.04"]
[Round "4.5"]
[White "Szalaji, Renata"]
[Black "Shan, He Jia Rita"]
[Result "1-0"]
[WhiteElo "1831"]
[BlackElo "1536"]
[PlyCount "59"]
[EventDate "2010.11.02"]
[EventType "team-swiss"]
[EventRounds "8"]
[EventCountry "HUN"]
[SourceTitle "EXT 2016"]
[Source "ChessBase"]
[SourceDate "2015.10.08"]
[SourceVersion "1"]
[SourceVersionDate "2015.10.08"]
[SourceQuality "1"]

1. e4 e6 2. d4 d5 3. Nc3 dxe4 4. Nxe4 Bd7 5. Nf3 Bc6 6. Bd3 Nd7 7. Bf4 Ngf6 8. Nxf6+ Nxf6 9. 0-0 Bd6 10. Ne5 Bxe5 11. dxe5 Nd5 12. Bd2 Qh4 13. Qe2 Nf4 14. Bxf4 Qxf4 15. Bb5 0-0 16. Bxc6 bxc6 17. g3 Qd4 18. c3 Qc5 19. Rfd1 Rfd8 20. Rxd8+ Rxd8 21. Rd1 Rxd1+ 22. Qxd1 Qd5 23. Qa4 Qc5 24. Qa6 g6 25. Qc8+ Kg7 26. Qxc7 a6 27. Qd6 Qxd6 28. exd6 Kf8 29. b4 Ke8 30. c4 1-0

[Event "Budapest FS10 FM-B"]
[Site "Budapest"]
[Date "2010.10.10"]
[Round "9"]
[White "Hendi, Peter"]
[Black "Shan, He Jia Rita"]
[Result "1-0"]
[WhiteElo "1685"]
[BlackElo "1528"]
[PlyCount "59"]
[EventDate "2010.10.02"]
[EventType "tourn"]
[EventRounds "11"]
[EventCountry "HUN"]
[SourceTitle "CBM 138 Extra"]
[Source "ChessBase"]
[SourceDate "2010.10.29"]
[SourceVersion "1"]
[SourceVersionDate "2010.10.29"]
[SourceQuality "1"]

1. d4 e6 2. c4 d5 3. Nc3 f5 4. Nf3 Nf6 5. Bg5 Bd6 6. e3 c6 7. Be2 0-0 8. 0-0 h6 9. Bh4 b6 10. Ne5 Qc7 11. f4 Ba6 12. Qa4 Bxe5 13. fxe5 Ne4 14. Nxe4 dxe4 15. Qa3 g5 16. Be1 Bb7 17. Bc3 Nd7 18. b4 c5 19. Qb2 Rab8 20. Qd2 Rfd8 21. Qe1 Ba6 22. bxc5 bxc5 23. d5 exd5 24. cxd5 Bxe2 25. d6 Qc6 26. Qxe2 Nb6 27. Rxf5 Nd5 28. Qh5 Qd7 29. Qg6+ Qg7 30. Qe6+ 1-0

[Event "Budapest FS10 FM-B"]
[Site "Budapest"]
[Date "2010.10.05"]
[Round "4"]
[White "Shan, He Jia Rita"]
[Black "Muller, Daniel1111"]
[Result "1-0"]
[WhiteElo "1528"]
[BlackElo "1535"]
[PlyCount "75"]
[EventDate "2010.10.02"]
[EventType "tourn"]
[EventRounds "11"]
[EventCountry "HUN"]
[SourceTitle "CBM 138 Extra"]
[Source "ChessBase"]
[SourceDate "2010.10.29"]
[SourceVersion "1"]
[SourceVersionDate "2010.10.29"]
[SourceQuality "1"]

1. d4 Nf6 2. Bf4 g6 3. e3 Bg7 4. Nf3 d6 5. Be2 0-0 6. 0-0 Nbd7 7. h3 c6 8. c4 Nh5 9. Bh2 f5 10. Ng5 Nhf6 11. Ne6 Qb6 12. Nxf8 Nxf8 13. Qc2 Bd7 14. Nd2 Ne6 15. Nb3 Rf8 16. Rad1 Ne4 17. Bf3 N6g5 18. Bxe4 Nxe4 19. Nd2 Ng5 20. Qb3 Qa6 21. Bf4 Nf7 22. a3 e5 23. dxe5 dxe5 24. Bg3 Be6 25. Qc2 c5 26. Rc1 Qc6 27. b4 b6 28. Rfd1 Nd6 29. Bh4 f4 30. Be7 Rf5 31. Bxd6 Rg5 32. Qe4 Qxd6 33. Nf3 Qe7 34. Nxg5 Qxg5 35. exf4 Qh4 36. Qa8+ Kf7 37. Qxa7+ Kg8 38. Qxb6 1-0

[Event "Budapest FS10 FM-B"]
[Site "Budapest"]
[Date "2010.10.02"]
[Round "1"]
[White "Shan, He Jia Rita"]
[Black "Hetesi, Zoltan"]
[Result "1/2-1/2"]
[WhiteElo "1528"]
[BlackElo "1540"]
[PlyCount "57"]
[EventDate "2010.10.02"]
[EventType "tourn"]
[EventRounds "11"]
[EventCountry "HUN"]
[SourceTitle "CBM 138 Extra"]
[Source "ChessBase"]
[SourceDate "2010.10.29"]
[SourceVersion "1"]
[SourceVersionDate "2010.10.29"]
[SourceQuality "1"]

1. d4 d5 2. Bf4 Bf5 3. e3 e6 4. Nf3 c5 5. c3 Nf6 6. Nbd2 Nc6 7. h3 c4 8. Be2 h6 9. 0-0 g5 10. Be5 Bd6 11. Bxd6 Qxd6 12. g4 Bg6 13. b3 b5 14. Re1 Ne4 15. Nxe4 Bxe4 16. Bf1 h5 17. Nxg5 hxg4 18. Nxe4 dxe4 19. Qxg4 f5 20. Qg3 e5 21. bxc4 0-0-0 22. dxe5 Nxe5 23. Red1 Qe6 24. Rxd8+ Rxd8 25. Bg2 Rg8 26. Qf4 Qg6 27. Qg3 Qe6 28. Qf4 Qg6 29. Qg3 1/2-1/2

[Event "Budapest FS02 FM-B"]
[Site "Budapest"]
[Date "2010.02.11"]
[Round "6"]
[White "Grimm, Daniel"]
[Black "Shan, He Jia Rita"]
[Result "1-0"]
[WhiteElo "1672"]
[BlackElo "1458"]
[PlyCount "105"]
[EventDate "2010.02.06"]
[EventType "tourn"]
[EventRounds "9"]
[EventCountry "HUN"]
[SourceTitle "CBM 135 Extra"]
[Source "ChessBase"]
[SourceDate "2010.05.04"]
[SourceVersion "1"]
[SourceVersionDate "2010.05.04"]
[SourceQuality "1"]

1. e4 e6 2. d4 d5 3. Nc3 dxe4 4. Nxe4 Bd7 5. Nf3 Bc6 6. Bd3 Nd7 7. c3 Ngf6 8. Bg5 Be7 9. Bxf6 Nxf6 10. Nxf6+ Bxf6 11. 0-0 0-0 12. Re1 Qd7 13. Ne5 Bxe5 14. Rxe5 Qe7 15. Qc2 g6 16. Rae1 Rad8 17. Bc4 Qh4 18. R5e3 b5 19. Rh3 Qg5 20. Rg3 Qh4 21. Bd3 a6 22. Qc1 Ba8 23. Rh3 Qf6 24. Be4 Bxe4 25. Rxe4 Rd5 26. Qh6 Qg7 27. Reh4 Qxh6 28. Rxh6 e5 29. Rxh7 f5 30. Rh8+ Kf7 31. R3h7+ Ke8 32. Rxf8+ Kxf8 33. Rxc7 exd4 34. cxd4 Rxd4 35. Rc1 Kf7 36. Kf1 Rd2 37. Rb1 Kf6 38. Ke1 Rd4 39. Rc1 a5 40. f3 Rh4 41. h3 Rh5 42. Kf2 Rh4 43. Rc6+ Kg5 44. Ke3 Rb4 45. b3 a4 46. Rc3 Kh4 47. Kf2 Rd4 48. Rc2 Rb4 49. g3+ Kg5 50. h4+ Kh5 51. Rb2 Kh6 52. Ke3 Kg7 53. Kd3 1-0